| 000 | 00576nam a2200193Ia 4500 | ||
|---|---|---|---|
| 999 |
_c13399 _d13399 |
||
| 003 | 0100 | ||
| 005 | 20190722110941.0 | ||
| 008 | 130303s9999 xx 000 0 und d | ||
| 020 | _a520033183 | ||
| 040 | _cARRUPELIB | ||
| 050 | _aHN773.R66 1977B | ||
| 245 | 4 | _aThe roots of rural poverty in central and southern Africa | |
| 260 |
_aBerkeley _bUniversity of California Press _c1977 |
||
| 300 | _axviii | ||
| 300 | _b 430 p. ill. 23 cm | ||
| 440 |
_aPerspectives on Southern Africa , 25 _947376 |
||
| 650 |
_aAgriculture _xEconomic aspects _zAfrica, Southern _946410 |
||
| 650 |
_aAfrica, Central _xRural conditions _947377 |
||
| 650 |
_aAfrica, Southern _xRural conditions _947378 |
||
| 700 |
_aedited by Robin Palmer, Neil Parsons , Palmer, Robin H.Parsons, Neil _947379 |
||
| 942 |
_2lcc _cMONOGRAPH |
||